Stati per densità di popolazione - Africa - Statistics

Statistiche generali
  • Questo quiz è stato fatto 6 volte
  • Il punteggio medio è 8 su 10
Statistiche sulle risposte
Densità (popolazione per km²) Nazione % Corretto
242 Nigeria
100%
246 Gambia
83%
657 Mauritius
83%
241 São Tomé e Príncipe
83%
236 Seychelles
83%
476 Burundi
67%
381 Comore
67%
221 Malawi
67%
535 Ruanda
67%
201 Uganda
67%
Nessun quiz corrispondente trovato
Distribuzione punteggi
Percentuale di utenti per punteggio
Percentile per numero di risposta
I tuoi punteggi nel tempo
Non hai fatto questo quiz